| 000 | 00000nam##2200000za#4500 |
| 001 | 9.590514 |
| 003 | CaOODSP |
| 005 | 20210624200149 |
| 007 | cr ||||||||||| |
| 008 | 150406|1993||||xxc|||||o f|0| 0 fre|d |
| 040 | |aCaOODSP|bfre |
| 041 | |aeng |
| 041 | |afre |
| 043 | |an-cn--- |
| 086 | 1 |aS52-2/210-1993-PDF |
| 110 | 1 |aCanada.|bTravaux publics et Services gouvernementaux Canada.|bBureau de la traduction. |
| 245 | 10|aVocabulaire des industries graphiques / |h[ressource électronique]|c[par] Line Paradis. |
| 260 | |aOttawa - Ontario : |bTravaux publics et Services gouvernementaux Canada. |cc1993. |
| 300 | |a589p. |
| 490 | 1 |aBulletin de terminologie|vN° 210 |
| 500 | |aÉdition numérisée de l'imprimé. [Produit par les Éditions et Services de dépôt, 2014.] Projet conjoint du Secrétariat d'État et du Groupe Communication Canada. |
| 504 | |aBibliographie. |
| 590 | |a14-22-Supp|b2014-12-24 |
| 720 | 1 |aParadis, Line |
| 791 | |tGraphic arts vocabulary / |eeng|w(CaOODSP)9.590513 |
| 830 | #0|aBulletin de terminologie ;|vN° 210|w(CaOODSP)9.500140 |
| 856 | 40|ahttp://publications.gc.ca|qPDF|s5677 Ko|uhttps://publications.gc.ca/collections/collection_2014/tpsgc-pwgsc/S52-2-210-1993.pdf|yN° 210 |